000 00561nam a2200277Ia 4500
005 20260401122228.0
008 008 250103s9999 xx 000 0 eng d
020 _a041504930X
037 _aTB
040 _aEDL
040 _beng
040 _cEDL
041 _2eng
041 _aeng
084 _a848 SEL
084 _qEDL
245 0 _aHelene Cixous Reader
260 _aLondon
260 _bRoutledge
260 _c2003
300 _a232p
942 _cTB
942 _h848 SEL
999 _c1845798
_d1845798